000 00394nam a22001457a 4500
005 20200612104417.0
008 200612b xxu||||| |||| 00| 0 eng d
082 _a345.4 AIR
110 _aALL INDIA REPORTER,
_96007
245 _aALL INDIA REPORTER, [2001] [VOL-88] BOMBAY SECTION
260 _aBOMBAY
_bALL INDIA REPORTER, PVT. LTD.
300 _a240;p
650 _aLAW
_95701
942 _cJRL
999 _c7066
_d7064